| Поле | Название | Значение |
| |
Тип записи |
a |
| |
Библиографический уровень |
m |
| 001 |
Контрольный номер |
320605795abf48459a95759b7b30cecb |
| 005 |
Дата корректировки |
20240410121214.3 |
| 010 |
Индекс ISBN |
__ |
| a |
ISBN |
978-5-08-005935-3 (в пер.) |
| d |
Цена |
188-57, 4000 экз. |
| 100 |
Данные общей обработки |
__ |
| a |
Данные общей обработки |
19201012d2018||||||| 0rusy0189 ca |
| 101 |
Язык документа |
0_ |
| a |
Язык текста |
rus |
| 102 |
Страна публикации |
__ |
| a |
Страна публикации |
ru| |
| 102 |
Страна публикации |
__ |
| a |
Страна публикации |
RU |
| 105 |
Кодированные данные (монография) |
__ |
| a |
Кодированные данные (монография) |
aс||||||000zy |
| 200 |
Заглавие и сведения об ответственности |
1_ |
| a |
Заглавие |
Судьба барабанщика |
| e |
Сведения, относящиеся к заглавию |
повесть : для среднего школьного возраста |
| f |
Первые сведения об ответственности |
Аркадий Гайдар ; вступительная статья С. Сивоконя ; художник А. Иткин |
| 203 |
Вид содержания и тип средства |
__ |
| a |
Вид содержания |
Текст |
| c |
Тип средства |
непосредственный |
| 210 |
Выходные данные |
__ |
| a |
Место издания |
Москва |
| c |
Издательство |
Детская литература |
| d |
Дата издания |
2018 |
| 215 |
Физическое описание |
__ |
| a |
Объем |
183, [2] с. |
| c |
Иллюстрации/тип воспроизводства |
портр., ил. |
| d |
Формат |
21 см |
| 225 |
Серия |
__ |
| a |
Серия |
Школьная библиотека |
| 330 |
Аннотация |
__ |
| a |
Аннотация |
О своей повести "Судьба барабанщика" А. П. Гайдар писал так: "Эта книга не о войне, но о делах суровых и опасных - не меньше, чем сама война". Для среднего школьного возраста. |
| 333 |
Примечание о целевом назначении |
__ |
| a |
Примечание о целевом назначении |
6+. Для детей старше шести лет |
| 600 |
Персоналии |
__ |
| a |
Персоналии (Фамилия) |
Гайдар, А. П. |
| c |
Дополнение к имени |
писатель советский |
| f |
Даты |
1904-1941 |
| g |
Полное имя |
Аркадий Петрович |
| 606 |
Тематические рубрики |
__ |
| a |
Основная рубрика |
Художественная литература |
| 606 |
Тематические рубрики |
__ |
| a |
Основная рубрика |
Русская литература XX в. (произведения) |
| 610 |
Ключевые слова |
__ |
| a |
Ключевые слова |
автобиографии |
| 610 |
Ключевые слова |
__ |
| a |
Ключевые слова |
детская литература |
| 610 |
Ключевые слова |
__ |
| a |
Ключевые слова |
детские повести |
| 610 |
Ключевые слова |
__ |
| a |
Ключевые слова |
писатели |
| 610 |
Ключевые слова |
__ |
| a |
Ключевые слова |
советские писатели |
| 610 |
Ключевые слова |
__ |
| a |
Ключевые слова |
повести |
| 610 |
Ключевые слова |
__ |
| a |
Ключевые слова |
тема войны |
| 610 |
Ключевые слова |
__ |
| a |
Ключевые слова |
тема детей |
| 610 |
Ключевые слова |
__ |
| a |
Ключевые слова |
тема становления личности |
| 610 |
Ключевые слова |
__ |
| a |
Ключевые слова |
советская литература |
| 686 |
Индексы других классификаций |
__ |
| 2 |
Код системы |
rubbks |
| a |
Классификационный индекс |
ст84(2=411.2)6-4 |
| 700 |
Автор |
_1 |
| a |
Фамилия |
Гайдар |
| b |
Имя |
А. П. |
| f |
Даты |
1904-1941 |
| g |
Полное личное имя |
Аркадий Петрович |
| 4 |
Код отношения |
070 |
| 702 |
Вторичная интеллектуальная ответственность |
_1 |
| a |
Фамилия |
Иткин |
| b |
Имя |
А. З. |
| 4 |
Код отношения |
Художник |
| f |
Даты |
1931- |
| g |
Полное личное имя |
Анатолий Зиновьевич |
| 4 |
Код отношения |
040 |
| 702 |
Вторичная интеллектуальная ответственность |
_1 |
| a |
Фамилия |
Сивоконь |
| b |
Имя |
С. И. |
| 4 |
Код отношения |
Автор предисловия и т.д. |
| f |
Даты |
1933- |
| g |
Полное личное имя |
Сергей Иванович |
| 4 |
Код отношения |
080 |
| 801 |
Источник записи |
_0 |
| a |
Страна |
ru |
| b |
Организация |
Муниципальное бюджетное учреждение культуры "Централизованная библиотечная система" г. Сургут (Центральная городская библиотека им. А. С. Пушкина) |
| c |
Дата составления |
20201012 |
| g |
Правила каталогизации |
PSBO |
| 801 |
Источник записи |
_1 |
| a |
Страна |
ru |
| b |
Организация |
Муниципальное бюджетное учреждение культуры "Централизованная библиотечная система" г. Сургут (Центральная городская библиотека им. А. С. Пушкина) |
| c |
Дата составления |
20201012 |
| g |
Правила каталогизации |
PSBO |
| 852 |
Данные о местонахождении |
__ |
| j |
Шифр хранения |
ст84(2=411.2)6-4 |
| i |
Авторский знак |
Г 14 |
| 901 |
Тип документа |
__ |
| a |
Ответственный |
КиК/Лукашук |
| t |
Тип документа |
m |
| 903 |
Характеристики (МАРС) |
__ |
| a |
Дата передачи |
20201012 |
| 911 |
|
__ |
| u |
|
336a=Текст |
| 911 |
|
__ |
| u |
|
337a=непосредственный |
| 969 |
Тип издания |
__ |
| a |
Тип издания |
издание для детей |
| 990 |
Данные о заказе (DOS) |
__ |
| j |
Количество экземпляров (DOS) |
9 |
| t |
N записи в КСУ для И/У (DOS) |
202009 |